Countries Producing the Most Salt - Statistics

General Stats
  • This quiz has been taken 1,132 times
  • The average score is 15 of 20
Answer Stats
mil tonnes country % Correct
40.20 United States
99%
62.16 China
98%
24.50 India
94%
6.30 Brazil
91%
6.10 United Kingdom
88%
10.10 Mexico
87%
6.10 France
86%
10.84 Canada
85%
4.04 Spain
85%
2.86 Italy
82%
10.82 Australia
79%
19.02 Germany
79%
4.00 Turkey
73%
2.88 Egypt
71%
2.80 Iran
68%
8.06 Chile
66%
4.25 Poland
58%
6.18 Ukraine
51%
6.51 Netherlands
42%
3.19 Austria
26%
No matching quizzes found
Score Distribution
Percent of People with Each Score
Percentile by Number Answered
Your Score History
You have not taken this quiz